[Event "Pilsen Region-chT 2223"]
[Site "Czech Republic"]
[Date "2023.01.29"]
[Round "7.1"]
[White "Flajsman, Pavel"]
[Black "Simunek, Filip"]
[Result "1/2-1/2"]
[WhiteElo "2221"]
[BlackElo "2178"]
[PlyCount "154"]
[EventDate "2022.10.09"]
[EventType "team-tourn"]
[EventRounds "11"]
[EventCountry "CZE"]
[SourceTitle "EXT 2024"]
[Source "ChessBase"]
[SourceDate "2023.10.10"]
[SourceVersion "1"]
[SourceVersionDate "2023.10.10"]
[SourceQuality "1"]
[WhiteTeam "Dvorec"]
[BlackTeam "Klatovy II"]
[WhiteTeamCountry "CZE"]
[BlackTeamCountry "CZE"]

1. e4 e6 2. d3 d5 3. Qe2 Nc6 4. Nf3 Nf6 5. e5 Nd7 6. g3 f6 7. exf6 Qxf6 8. Bh3 Nde5 9. Nxe5 Nxe5 10. f4 Nf7 11. Nd2 Bc5 12. c3 0-0 13. Nf3 Bd7 14. Be3 Bxe3 15. Qxe3 Qh6 16. Nh4 g5 17. fxg5 Qxg5 18. Kd2 c5 19. Rhf1 Qxe3+ 20. Kxe3 Ng5 21. Bg4 d4+ 22. Ke2 Bc6 23. cxd4 cxd4 24. Rf4 Rfd8 25. Rc1 Rac8 26. Rc4 Bd5 27. Rxc8 Rxc8 28. Kd2 Bxa2 29. Rxd4 Bb3 30. Rb4 Bd5 31. Rb5 Rd8 32. Ke3 Kf7 33. Rc5 Rd7 34. Kf4 Kf6 35. d4 h6 36. Ke3 Rd6 37. Rb5 b6 38. Rb4 a5 39. Ra4 Rc6 40. Bd1 Rc1 41. Bf3 Bb3 42. Ra3 a4 43. Be2 Re1 44. Ng2 Rb1 45. Bb5 Rxb2 46. Nf4 Rxh2 47. Bxa4 Bxa4 48. Rxa4 Rb2 49. g4 Rb3+ 50. Ke2 Ne4 51. Ra7 Kg5 52. Nxe6+ Kxg4 53. Rf7 Ng3+ 54. Kd2 Nf5 55. d5 Rb2+ 56. Kc3 Rb1 57. Kc2 Ra1 58. Rf6 h5 59. Rg6+ Kf3 60. Ng5+ Kf4 61. Nh3+ Ke5 62. Rxb6 Rh1 63. Re6+ Kxd5 64. Nf4+ Kc4 65. Kd2 Nd4 66. Rh6 h4 67. Rh8 Nf5 68. Ke2 Kd4 69. Kf3 Rf1+ 70. Kg4 Ne3+ 71. Kg5 Rg1+ 72. Kh5 Rg4 73. Rd8+ Ke4 74. Nh3 Kf3 75. Rd3 Re4 76. Ng5+ Ke2 77. Nxe4 Kxd3 1/2-1/2

[Event "Pilsen Region-chT 2223"]
[Site "Czech Republic"]
[Date "2022.12.11"]
[Round "5.1"]
[White "Kaderavek, Jan"]
[Black "Simunek, Filip"]
[Result "1/2-1/2"]
[WhiteElo "2160"]
[BlackElo "2178"]
[PlyCount "85"]
[EventDate "2022.10.09"]
[EventType "team-tourn"]
[EventRounds "11"]
[EventCountry "CZE"]
[SourceTitle "EXT 2024"]
[Source "ChessBase"]
[SourceDate "2023.10.10"]
[SourceVersion "1"]
[SourceVersionDate "2023.10.10"]
[SourceQuality "1"]
[WhiteTeam "Plzen Kosutka"]
[BlackTeam "Klatovy II"]
[WhiteTeamCountry "CZE"]
[BlackTeamCountry "CZE"]

1. d4 Nf6 2. f4 d5 3. e3 Bg4 4. Nf3 e6 5. Bd3 c5 6. c3 Nc6 7. 0-0 Ne4 8. h3 Bxf3 9. Qxf3 f5 10. Nd2 Be7 11. Bxe4 dxe4 12. Qe2 0-0 13. Rd1 cxd4 14. exd4 Qd5 15. Nb3 b5 16. Be3 Rfd8 17. Nd2 Rab8 18. a3 a5 19. Kf2 Rb7 20. b4 Ra8 21. a4 axb4 22. axb5 Rxa1 23. bxc6 Rba7 24. c7 Qd7 25. Rxa1 Rxa1 26. Qc4 Ra8 27. cxb4 Rc8 28. Nb3 Rxc7 29. Nc5 Qd5 30. Qa6 Qc6 31. Qc4 Ra7 32. Kg1 Ra3 33. Qe2 Ra1+ 34. Kh2 Rb1 35. Qa2 Rxb4 36. Nxe6 Qc4 37. Qa8+ Kf7 38. Nd8+ Bxd8 39. Qxd8 Rb3 40. Qd7+ Kf6 41. Qd8+ Kf7 42. Qd7+ Kg6 43. Qd6+ 1/2-1/2

[Event "CZE-chT2A 2223"]
[Site "Czech Republic"]
[Date "2022.12.04"]
[Round "4.5"]
[White "Simunek, Filip"]
[Black "Hruby, Milan"]
[Result "1/2-1/2"]
[WhiteElo "2178"]
[BlackElo "2005"]
[PlyCount "119"]
[EventDate "2022.10.16"]
[EventType "team-tourn"]
[EventRounds "11"]
[EventCountry "CZE"]
[SourceTitle "EXT 2024"]
[Source "ChessBase"]
[SourceDate "2023.10.10"]
[SourceVersion "1"]
[SourceVersionDate "2023.10.10"]
[SourceQuality "1"]
[WhiteTeam "Klatovy"]
[BlackTeam "Tabor"]
[WhiteTeamCountry "CZE"]
[BlackTeamCountry "CZE"]

1. d4 d5 2. c4 e6 3. Nc3 c5 4. cxd5 exd5 5. Nf3 Nc6 6. g3 Nf6 7. Bg2 cxd4 8. Nxd4 Bc5 9. Nb3 Bb6 10. 0-0 d4 11. Na4 0-0 12. Nxb6 axb6 13. Bg5 Be6 14. Qd3 h6 15. Bf4 Bd5 16. Rfd1 Bxg2 17. Kxg2 Qd5+ 18. Qf3 Rfe8 19. Nxd4 Nxd4 20. Qxd5 Nxd5 21. Rxd4 Nxf4+ 22. Rxf4 Rxe2 23. Rb4 Rd8 24. b3 Rdd2 25. Rf1 Rxa2 26. Rxb6 Re7 27. Rc1 Ree2 28. Rf1 Re7 29. Rb4 Rb2 30. Rc1 Ree2 31. Rf4 Re7 32. Rc3 f6 33. Rb4 Ree2 34. Rf3 Re7 35. Rf5 Kh7 36. Rfb5 Ree2 37. Rf4 Re7 38. h4 Kg8 39. h5 Kh7 40. Rf3 Kg8 41. Rc3 Kh7 42. Rd5 Ree2 43. Rf3 Red2 44. Ra5 Rd4 45. Rb5 Rd7 46. Rc5 Re7 47. Rc8 Re5 48. g4 Rbe2 49. Rd3 Re8 50. Rc7 R2e7 51. Rc4 Re4 52. Rdd4 Rxd4 53. Rxd4 Re5 54. Rb4 b5 55. f4 Rd5 56. Kf3 f5 57. g5 g6 58. hxg6+ Kxg6 59. gxh6 Kxh6 60. Kg3 1/2-1/2

[Event "Pilsen Region-chT 2223"]
[Site "Czech Republic"]
[Date "2022.11.13"]
[Round "3.1"]
[White "Houska, Jiri"]
[Black "Simunek, Filip"]
[Result "1-0"]
[WhiteElo "2196"]
[BlackElo "2178"]
[PlyCount "77"]
[EventDate "2022.10.09"]
[EventType "team-tourn"]
[EventRounds "11"]
[EventCountry "CZE"]
[SourceTitle "EXT 2024"]
[Source "ChessBase"]
[SourceDate "2023.10.10"]
[SourceVersion "1"]
[SourceVersionDate "2023.10.10"]
[SourceQuality "1"]
[WhiteTeam "Petrin"]
[BlackTeam "Klatovy II"]
[WhiteTeamCountry "CZE"]
[BlackTeamCountry "CZE"]

1. d4 Nf6 2. Nf3 g6 3. c4 Bg7 4. Nc3 d6 5. e4 0-0 6. Be2 e5 7. 0-0 Nc6 8. d5 Ne7 9. Ne1 Nd7 10. Be3 f5 11. f3 f4 12. Bf2 g5 13. Rc1 Ng6 14. c5 Nxc5 15. b4 Na6 16. Nb5 h5 17. Nd3 Rf7 18. Nxa7 Bd7 19. b5 Nc5 20. Nxc5 dxc5 21. Bxc5 b6 22. Nc6 Bxc6 23. dxc6 bxc5 24. Qxd8+ Rxd8 25. Bc4 Bf8 26. Rfd1 Rd6 27. a4 Kg7 28. Bxf7 Kxf7 29. a5 Rxd1+ 30. Rxd1 c4 31. Kf1 c3 32. Rc1 Bb4 33. b6 cxb6 34. axb6 Bc5 35. Rxc3 Bd4 36. Rb3 Ne7 37. c7 Bxb6 38. Rxb6 Ke8 39. Re6 1-0

[Event "CZE-chT2A 2223"]
[Site "Czech Republic"]
[Date "2022.10.16"]
[Round "1.4"]
[White "Simunek, Filip"]
[Black "Hozda, Max"]
[Result "1-0"]
[WhiteElo "2178"]
[BlackElo "2013"]
[PlyCount "31"]
[EventDate "2022.10.16"]
[EventType "team-tourn"]
[EventRounds "11"]
[EventCountry "CZE"]
[SourceTitle "EXT 2024"]
[Source "ChessBase"]
[SourceDate "2023.10.10"]
[SourceVersion "1"]
[SourceVersionDate "2023.10.10"]
[SourceQuality "1"]
[WhiteTeam "Klatovy"]
[BlackTeam "Praha Dukla"]
[WhiteTeamCountry "CZE"]
[BlackTeamCountry "CZE"]

1. d4 d5 2. c4 c6 3. Nc3 Nf6 4. cxd5 cxd5 5. Bf4 Nc6 6. e3 a6 7. Bd3 Bg4 8. f3 Bh5 9. Qb3 b5 10. Nxb5 axb5 11. Bxb5 Rc8 12. Rc1 Qb6 13. Ne2 e6 14. 0-0 Kd7 15. Rxc6 Rxc6 16. Rc1 1-0

[Event "CZE-chT2A 1920"]
[Site "Czech Republic"]
[Date "2020.06.27"]
[Round "10.2"]
[White "Simunek, Filip"]
[Black "Dolezal, Radoslav"]
[Result "0-1"]
[WhiteElo "2165"]
[BlackElo "2371"]
[PlyCount "80"]
[EventDate "2019.10.13"]
[EventType "team-tourn"]
[EventRounds "11"]
[EventCountry "CZE"]
[SourceTitle "EXT 2024"]
[Source "ChessBase"]
[SourceDate "2023.10.10"]
[SourceVersion "1"]
[SourceVersionDate "2023.10.10"]
[SourceQuality "1"]
[WhiteTeam "Klatovy"]
[BlackTeam "Pankrac II"]
[WhiteTeamCountry "CZE"]
[BlackTeamCountry "CZE"]

1. d4 Nf6 2. c4 c6 3. Nc3 d5 4. cxd5 cxd5 5. Bf4 e6 6. e3 Bd6 7. Bxd6 Qxd6 8. f4 0-0 9. Bd3 b6 10. Nf3 Ba6 11. 0-0 Bxd3 12. Qxd3 Nc6 13. Ne5 Rac8 14. Rac1 Na5 15. b3 Qe7 16. Qa6 Rc7 17. h3 Rfc8 18. b4 Nb7 19. Ne2 Nd6 20. Rxc7 Rxc7 21. Qa4 Nfe4 22. b5 Qe8 23. Rb1 f6 24. Nf3 a5 25. Qb3 Rc4 26. a3 a4 27. Qb2 Qc8 28. Ne1 Nf5 29. Rc1 Nxe3 30. Nd3 Rxc1+ 31. Qxc1 Qxc1+ 32. Nexc1 Nc3 33. Nc5 Kf7 34. Kf2 Nc4 35. Nd7 Nxb5 36. Na2 Ke7 37. Nb8 Kd6 38. Ke2 Nxd4+ 39. Kd3 Nb5 40. Nc3 Nxc3 0-1

[Event "CZE-chT2A 1920"]
[Site "Czech Republic"]
[Date "2019.11.17"]
[Round "3.4"]
[White "Simunek, Filip"]
[Black "Novak, Martin"]
[Result "1/2-1/2"]
[WhiteElo "2165"]
[BlackElo "1939"]
[PlyCount "111"]
[EventDate "2019.10.13"]
[EventType "team-tourn"]
[EventRounds "11"]
[EventCountry "CZE"]
[SourceTitle "EXT 2024"]
[Source "ChessBase"]
[SourceDate "2023.10.10"]
[SourceVersion "1"]
[SourceVersionDate "2023.10.10"]
[SourceQuality "1"]
[WhiteTeam "Klatovy"]
[BlackTeam "Strakonice"]
[WhiteTeamCountry "CZE"]
[BlackTeamCountry "CZE"]

1. d4 d5 2. c4 e6 3. Nc3 Nf6 4. cxd5 exd5 5. Bg5 c6 6. Qc2 Be7 7. e3 Nbd7 8. Bd3 0-0 9. Nge2 Re8 10. 0-0 h6 11. Bh4 Nh5 12. Bxe7 Qxe7 13. a3 a5 14. Na4 Qh4 15. b4 axb4 16. axb4 Ndf6 17. Bf5 Bxf5 18. Qxf5 Ne4 19. g3 Qg5 20. Qxg5 hxg5 21. Nb6 Rxa1 22. Rxa1 Nhf6 23. Ra7 Nd6 24. h3 Nfe4 25. Kg2 Kf8 26. Nd7+ Ke7 27. Nc5 Rb8 28. Nc1 Nc3 29. N1d3 Ncb5 30. Ra1 Nc4 31. g4 f6 32. Nb3 Kd6 33. Ne1 Re8 34. Nf3 Kc7 35. Nc5 Ncd6 36. h4 gxh4 37. Nxh4 b6 38. Nd3 g5 39. Nf3 Rh8 40. Nh2 Kb7 41. Nf1 Rh4 42. f3 Nc4 43. Nf2 Rh8 44. Nh1 Re8 45. Kf2 Nbd6 46. Nhg3 Rh8 47. Kg2 Re8 48. Kf2 Rh8 49. Ra2 Nb5 50. Nf5 Nbd6 51. Nxd6+ Nxd6 52. Kg2 Nc4 53. Ra1 Re8 54. Kf2 Rh8 55. Kg2 Re8 56. Kf2 1/2-1/2

[Event "CZE-chT2A 1920"]
[Site "Czech Republic"]
[Date "2019.11.03"]
[Round "2.4"]
[White "Klicnar, Martin"]
[Black "Simunek, Filip"]
[Result "1/2-1/2"]
[WhiteElo "2118"]
[BlackElo "2165"]
[PlyCount "57"]
[EventDate "2019.10.13"]
[EventType "team-tourn"]
[EventRounds "11"]
[EventCountry "CZE"]
[SourceTitle "EXT 2024"]
[Source "ChessBase"]
[SourceDate "2023.10.10"]
[SourceVersion "1"]
[SourceVersionDate "2023.10.10"]
[SourceQuality "1"]
[WhiteTeam "Pisek"]
[BlackTeam "Klatovy"]
[WhiteTeamCountry "CZE"]
[BlackTeamCountry "CZE"]

1. c4 Nf6 2. Nf3 e6 3. g3 d5 4. Bg2 Be7 5. 0-0 0-0 6. d4 dxc4 7. Ne5 Nc6 8. Nxc6 bxc6 9. Bxc6 Rb8 10. Nc3 Bb7 11. Qa4 Qxd4 12. Be3 Qg4 13. f3 Qh3 14. Qxc4 Bd6 15. Rf2 Bxc6 16. Qxc6 Rxb2 17. Bxa7 Rc2 18. e4 Rxf2 19. Bxf2 h5 20. Re1 Be5 21. Ne2 h4 22. Qb5 hxg3 23. hxg3 Qh5 24. Kg2 Bd6 25. Qxh5 Nxh5 26. Rb1 Ra8 27. Rb2 Kf8 28. Rc2 Ra4 29. g4 1/2-1/2

[Event "Regionalliga Nord-Ost 1819"]
[Site "Bayern"]
[Date "2019.04.07"]
[Round "9.3"]
[White "Simunek, Filip"]
[Black "Sippl, Martin"]
[Result "1-0"]
[WhiteElo "2170"]
[BlackElo "1926"]
[PlyCount "73"]
[EventDate "2018.10.21"]
[EventType "team-tourn"]
[EventRounds "9"]
[EventCountry "GER"]
[SourceTitle "EXT 2022"]
[Source "ChessBase"]
[SourceDate "2021.10.06"]
[SourceVersion "1"]
[SourceVersionDate "2021.10.06"]
[SourceQuality "1"]
[WhiteTeam "Bad Koetzting"]
[BlackTeam "Postbauer Heng"]
[WhiteTeamCountry "GER"]
[BlackTeamCountry "GER"]

1. d4 Nf6 2. c4 d6 3. Nf3 Nbd7 4. Nc3 e5 5. e4 c6 6. Be2 Qc7 7. 0-0 Be7 8. Qc2 Nf8 9. Rd1 h6 10. b3 g5 11. c5 exd4 12. cxd6 Bxd6 13. Rxd4 Ng6 14. Bb2 g4 15. e5 Nxe5 16. Nxe5 Bxe5 17. Ne4 Be6 18. Nc5 Rg8 19. Rb4 Bd5 20. Rxb7 Bxh2+ 21. Kf1 Qf4 22. Re1 0-0-0 23. Re7 Rd7 24. Be5 Rxe7 25. Bxf4 Bxf4 26. Qf5+ Kd8 27. Qxf4 Nd7 28. Nb7+ Kc8 29. Nd6+ Kd8 30. Nf5 Re5 31. Ne3 g3 32. Bf3 gxf2 33. Kxf2 Bxf3 34. gxf3 Reg5 35. Rd1 Re8 36. Qb8+ Ke7 37. Qd6+ 1-0

[Event "CZE-chT2A 1819"]
[Site "Czech Republic"]
[Date "2019.02.10"]
[Round "8.5"]
[White "Simunek, Filip"]
[Black "Marikova, Jana"]
[Result "1/2-1/2"]
[WhiteElo "2172"]
[BlackElo "2123"]
[PlyCount "87"]
[EventDate "2018.10.14"]
[EventType "team-tourn"]
[EventRounds "11"]
[EventCountry "CZE"]
[SourceTitle "EXT 2022"]
[Source "ChessBase"]
[SourceDate "2021.10.06"]
[SourceVersion "1"]
[SourceVersionDate "2021.10.06"]
[SourceQuality "1"]
[WhiteTeam "Klatovy"]
[BlackTeam "Ricany"]
[WhiteTeamCountry "CZE"]
[BlackTeamCountry "CZE"]

1. d4 Nf6 2. c4 g6 3. Nc3 Bg7 4. e4 d6 5. Nf3 0-0 6. Be2 Nc6 7. 0-0 e5 8. d5 Ne7 9. Ne1 Nd7 10. Be3 f5 11. f3 f4 12. Bf2 g5 13. Rc1 Rf6 14. c5 a6 15. Nd3 Rh6 16. cxd6 cxd6 17. Kh1 Nf6 18. Rg1 Nh5 19. g4 fxg3 20. Bxg3 Ng6 21. Rc2 Ngf4 22. Nf2 g4 23. Nxg4 Bxg4 24. Bxf4 Bxf3+ 25. Bxf3 Nxf4 26. Bg4 Kh8 27. Bf5 Qe7 28. Qg4 Rf8 29. Nd1 Ng6 30. Ne3 Rh4 31. Qg3 Bh6 32. Ng2 Bf4 33. Nxf4 exf4 34. Qc3+ Ne5 35. Rf2 Qf6 36. Qc7 Qh6 37. Qc3 b5 38. a3 Qh5 39. Qc7 Qh6 40. Qc3 Qh5 41. Qc7 Qh6 42. Qc3 Rh5 43. Qd2 Rh4 44. Qc3 1/2-1/2

[Event "CZE-chT2A 1819"]
[Site "Czech Republic"]
[Date "2019.01.13"]
[Round "6.3"]
[White "Kotal, Vaclav"]
[Black "Simunek, Filip"]
[Result "0-1"]
[WhiteElo "2138"]
[BlackElo "2172"]
[PlyCount "124"]
[EventDate "2018.10.14"]
[EventType "team-tourn"]
[EventRounds "11"]
[EventCountry "CZE"]
[SourceTitle "EXT 2022"]
[Source "ChessBase"]
[SourceDate "2021.10.06"]
[SourceVersion "1"]
[SourceVersionDate "2021.10.06"]
[SourceQuality "1"]
[WhiteTeam "Strakonice"]
[BlackTeam "Klatovy"]
[WhiteTeamCountry "CZE"]
[BlackTeamCountry "CZE"]

1. d4 Nf6 2. c4 g6 3. g3 c6 4. Bg2 d5 5. Nf3 Bg7 6. Qa4 0-0 7. 0-0 Ne4 8. Nc3 Nxc3 9. bxc3 Nd7 10. cxd5 cxd5 11. Bf4 Nb6 12. Qb3 Bg4 13. Rfe1 h6 14. e4 Be6 15. exd5 Bxd5 16. Qb4 Re8 17. Be5 Rc8 18. Bxg7 Kxg7 19. Qa5 Rc4 20. Nd2 Ra4 21. Qb5 Bxg2 22. Kxg2 Qd5+ 23. Qxd5 Nxd5 24. Ne4 Rc8 25. Nc5 Rc4 26. Nxb7 Rxc3 27. Nc5 Rb8 28. Rab1 Rb6 29. a4 Rc4 30. Rb5 Rxd4 31. Ra5 Rb2 32. Rxa7 Rc2 33. Nb3 Rd3 34. Rb7 Rb2 35. Nc5 Rxb7 36. Nxd3 Rb3 37. Nc5 Rc3 38. Nb7 Rb3 39. Nc5 Rc3 40. Nb7 Rc7 41. Rb1 Rc2 42. a5 Ra2 43. Rb3 f5 44. Rd3 Nf6 45. h3 Ne4 46. Rf3 Kf6 47. g4 Nd6 48. Nxd6 exd6 49. gxf5 gxf5 50. Rd3 Ke5 51. Re3+ Kf6 52. Rd3 Ke6 53. Re3+ Kd7 54. Rg3 Rxa5 55. Rg6 h5 56. Rg5 h4 57. Rh5 Ke6 58. Rxh4 Ke5 59. Rh8 d5 60. Re8+ Kf4 61. Rd8 Ke4 62. h4 Kf4 0-1

[Event "CZE-chT2A 1819"]
[Site "Czech Republic"]
[Date "2018.12.02"]
[Round "4.4"]
[White "Simunek, Filip"]
[Black "Klicnar, Martin"]
[Result "1-0"]
[WhiteElo "2172"]
[BlackElo "2147"]
[PlyCount "139"]
[EventDate "2018.10.14"]
[EventType "team-tourn"]
[EventRounds "11"]
[EventCountry "CZE"]
[SourceTitle "EXT 2022"]
[Source "ChessBase"]
[SourceDate "2021.10.06"]
[SourceVersion "1"]
[SourceVersionDate "2021.10.06"]
[SourceQuality "1"]
[WhiteTeam "Klatovy"]
[BlackTeam "Pisek"]
[WhiteTeamCountry "CZE"]
[BlackTeamCountry "CZE"]

1. d4 Nf6 2. c4 g6 3. Nc3 d5 4. e3 Bg7 5. Qb3 c6 6. Nf3 0-0 7. Be2 dxc4 8. Bxc4 b5 9. Be2 Be6 10. Qc2 h6 11. 0-0 Nbd7 12. a4 a6 13. Bd2 Qb8 14. Rfc1 Rc8 15. e4 Qb7 16. h3 b4 17. Nd1 a5 18. Ne3 Nb6 19. Ne5 Bd7 20. Bf3 Be8 21. Qb3 e6 22. N3c4 Bf8 23. Be3 Nxc4 24. Rxc4 Kg7 25. Rac1 Bd6 26. Nd3 Be7 27. Qc2 Rd8 28. Ne5 Rac8 29. Nxc6 Bxc6 30. Rxc6 Rxc6 31. Qxc6 Qxc6 32. Rxc6 Rd7 33. b3 Bd8 34. Kf1 Ng8 35. Ke2 Ne7 36. Ra6 g5 37. Kd3 Ng6 38. Kd2 Nf4 39. g3 Ng6 40. Be2 Ne7 41. Bb5 Rb7 42. Ra8 Bb6 43. Kd3 Rc7 44. Bd2 Rb7 45. f3 Rc7 46. Rb8 Ba7 47. Rd8 Bb6 48. Rd7 Rxd7 49. Bxd7 Ng6 50. Kc4 Kf8 51. Kb5 Bc7 52. Be1 Ke7 53. Bc8 h5 54. Bf2 h4 55. gxh4 Nxh4 56. f4 f6 57. fxg5 fxg5 58. Be3 Kf6 59. Kc6 Bd8 60. d5 exd5 61. Bd4+ Ke7 62. exd5 Nf3 63. d6+ Ke8 64. Bd7+ Kf7 65. Bb2 Nd2 66. Bg4 Nxb3 67. Kd7 Bf6 68. Be6+ Kg6 69. Bxf6 Nc5+ 70. Ke7 1-0

[Event "CZE-chT2A 1819"]
[Site "Czech Republic"]
[Date "2018.11.18"]
[Round "3.3"]
[White "Simunek, Filip"]
[Black "Kolasin, Jan"]
[Result "1-0"]
[WhiteElo "2172"]
[BlackElo "2014"]
[PlyCount "73"]
[EventDate "2018.10.14"]
[EventType "team-tourn"]
[EventRounds "11"]
[EventCountry "CZE"]
[SourceTitle "EXT 2022"]
[Source "ChessBase"]
[SourceDate "2021.10.06"]
[SourceVersion "1"]
[SourceVersionDate "2021.10.06"]
[SourceQuality "1"]
[WhiteTeam "Klatovy"]
[BlackTeam "Ricany II"]
[WhiteTeamCountry "CZE"]
[BlackTeamCountry "CZE"]

1. d4 Nf6 2. c4 g6 3. Nc3 Bg7 4. e4 d6 5. Nf3 0-0 6. Be2 e5 7. 0-0 Nc6 8. d5 Ne7 9. Be3 Ng4 10. Bd2 f5 11. Ng5 Nf6 12. Qc2 f4 13. b4 a5 14. bxa5 h6 15. Ne6 Bxe6 16. dxe6 Nc6 17. Nb5 Nxa5 18. Rfd1 Nc6 19. c5 dxc5 20. Ba5 Nd4 21. Rxd4 cxd4 22. Bxc7 Qe8 23. Bc4 Kh7 24. Bxe5 Rc8 25. Nd6 Qxe6 26. Nxc8 Rxc8 27. Bxe6 Rxc2 28. Bb3 Rc8 29. f3 Nh5 30. Bxg7 Kxg7 31. Rd1 Rd8 32. Bd5 Rd7 33. Rb1 Nf6 34. Rxb7 Rxb7 35. Bxb7 Nd7 36. a4 Nc5 37. a5 1-0

[Event "Regionalliga Nord-Ost 1819"]
[Site "Bayern"]
[Date "2018.11.11"]
[Round "2.3"]
[White "Zant, Juergen"]
[Black "Simunek, Filip"]
[Result "0-1"]
[WhiteElo "1944"]
[BlackElo "2170"]
[PlyCount "88"]
[EventDate "2018.10.21"]
[EventType "team-tourn"]
[EventRounds "9"]
[EventCountry "GER"]
[SourceTitle "EXT 2022"]
[Source "ChessBase"]
[SourceDate "2021.10.06"]
[SourceVersion "1"]
[SourceVersionDate "2021.10.06"]
[SourceQuality "1"]
[WhiteTeam "Windischeschenbach"]
[BlackTeam "Bad Koetzting"]
[WhiteTeamCountry "GER"]
[BlackTeamCountry "GER"]

1. c4 f5 2. d4 Nf6 3. Nf3 g6 4. Nc3 Bg7 5. Rb1 a5 6. a3 b6 7. Bf4 Bb7 8. Qb3 e6 9. h4 Bxf3 10. gxf3 Nh5 11. Bg5 Qc8 12. Nb5 0-0 13. Bd2 c6 14. Nc3 Bxd4 15. e3 Bc5 16. Na4 Na6 17. Nxc5 Nxc5 18. Qxb6 d6 19. Bxa5 Rf7 20. b4 Rb7 21. bxc5 Rxb6 22. Bxb6 d5 23. Be2 Rxa3 24. f4 Nf6 25. cxd5 exd5 26. h5 Kg7 27. hxg6 hxg6 28. 0-0 Ne4 29. Ra1 Qa8 30. Rac1 Ra2 31. Bd3 Nd2 32. Rfd1 Qh8 33. Rc2 Nf3+ 34. Kf1 Qh3+ 35. Ke2 Ra3 36. Rcc1 Qg4 37. Bc7 Ra2+ 38. Bc2 Nd4+ 39. Kd3 Nxc2 40. Be5+ Kf7 41. Rh1 Nb4+ 42. Kc3 Qe2 43. Kb3 Qd3+ 44. Rc3 Qa6 0-1

[Event "CZE-chT2A 1819"]
[Site "Czech Republic"]
[Date "2018.11.04"]
[Round "2.4"]
[White "Simunek, Filip"]
[Black "Stluka, Frantisek"]
[Result "0-1"]
[WhiteElo "2172"]
[BlackElo "2115"]
[PlyCount "72"]
[EventDate "2018.10.14"]
[EventType "team-tourn"]
[EventRounds "11"]
[EventCountry "CZE"]
[SourceTitle "EXT 2022"]
[Source "ChessBase"]
[SourceDate "2021.10.06"]
[SourceVersion "1"]
[SourceVersionDate "2021.10.06"]
[SourceQuality "1"]
[WhiteTeam "Klatovy"]
[BlackTeam "Pribram Banik"]
[WhiteTeamCountry "CZE"]
[BlackTeamCountry "CZE"]

1. d4 Nf6 2. c4 g6 3. Nc3 Bg7 4. e4 d6 5. Nf3 0-0 6. Be2 e5 7. 0-0 Nc6 8. d5 Ne7 9. Ne1 Ne8 10. Be3 f5 11. f3 f4 12. Bf2 g5 13. c5 Rf7 14. a4 Bf8 15. cxd6 cxd6 16. Nb5 a6 17. Na3 Bd7 18. Nc4 Nc8 19. a5 h5 20. Qb3 Bb5 21. Nc2 Rg7 22. N2a3 Bxc4 23. Nxc4 g4 24. Be1 Qg5 25. Ra4 Nf6 26. Rb4 Rb8 27. Nd2 Ne7 28. Rxb7 Rxb7 29. Qxb7 Nf5 30. Qxa6 Ne3 31. Kh1 Nxg2 32. Qb6 g3 33. hxg3 Nxe1 34. Qg1 fxg3 35. Rxe1 g2+ 36. Kh2 Qh4# 0-1

[Event "Klatovy op-A 24th"]
[Site "Klatovy"]
[Date "2018.07.08"]
[Round "9"]
[White "Simunek, Filip"]
[Black "Smid, Pavel"]
[Result "1-0"]
[WhiteElo "2184"]
[BlackElo "1964"]
[PlyCount "51"]
[EventDate "2018.06.30"]
[EventType "swiss"]
[EventRounds "9"]
[EventCountry "CZE"]
[SourceTitle "EXT 2019"]
[Source "ChessBase"]
[SourceDate "2018.10.10"]
[SourceVersion "1"]
[SourceVersionDate "2018.10.10"]
[SourceQuality "1"]

1. d4 e6 2. c4 f5 3. g3 Nf6 4. Bg2 d5 5. Nh3 Bd6 6. 0-0 c6 7. Qc2 0-0 8. Bf4 Ne4 9. f3 Bxf4 10. Nxf4 Nd6 11. Nd2 g5 12. Nd3 Nd7 13. e4 b6 14. cxd5 cxd5 15. exd5 exd5 16. Qc6 Qf6 17. Qxd5+ Kh8 18. Ne4 fxe4 19. fxe4 Bb7 20. Rxf6 Bxd5 21. Rxd6 Bc4 22. Nf2 Rad8 23. e5 Nb8 24. Ne4 Na6 25. b3 Bd3 26. Nxg5 1-0

[Event "Klatovy op-A 24th"]
[Site "Klatovy"]
[Date "2018.07.07"]
[Round "8"]
[White "Ondrejat, Miroslav"]
[Black "Simunek, Filip"]
[Result "0-1"]
[WhiteElo "1948"]
[BlackElo "2184"]
[PlyCount "158"]
[EventDate "2018.06.30"]
[EventType "swiss"]
[EventRounds "9"]
[EventCountry "CZE"]
[SourceTitle "EXT 2019"]
[Source "ChessBase"]
[SourceDate "2018.10.10"]
[SourceVersion "1"]
[SourceVersionDate "2018.10.10"]
[SourceQuality "1"]

1. c4 f5 2. Nc3 Nf6 3. g3 g6 4. Bg2 Bg7 5. d4 0-0 6. Nh3 Nc6 7. 0-0 d6 8. a3 e5 9. d5 Ne7 10. Ng5 h6 11. Ne6 Bxe6 12. dxe6 c6 13. e4 Ne8 14. exf5 gxf5 15. g4 Qc8 16. gxf5 Nxf5 17. f4 Qxe6 18. fxe5 Qxc4 19. exd6 Nexd6 20. Bf4 Rad8 21. Kh1 Ne4 22. Qh5 Nxc3 23. bxc3 Qxc3 24. Rae1 Qc5 25. Qg4 Rde8 26. Be4 Qd4 27. Qg2 Nh4 28. Qc2 Ng6 29. Bxg6 Rxe1 30. Rxe1 Qxf4 31. Be4 Kh8 32. Qg2 Qf2 33. Rb1 Qxg2+ 34. Kxg2 Rf7 35. a4 Bc3 36. h4 Kg7 37. h5 Kf8 38. Rf1 Rxf1 39. Kxf1 Ke7 40. Ke2 Kd6 41. Kd3 Be1 42. Kc4 Kc7 43. Bg6 Kb6 44. Bc2 Ka5 45. Kb3 Kb6 46. Kc4 Kc7 47. Bg6 Kd6 48. Bf7 Bf2 49. Bg6 a6 50. Bf7 Be3 51. Be8 Bd2 52. Kd3 Be1 53. Kc4 Ke7 54. Bg6 Kd7 55. Bf7 Kc7 56. Be8 Kb6 57. Bd7 Ka5 58. Kb3 Kb6 59. Kc4 Kc7 60. Be8 b5+ 61. axb5 axb5+ 62. Kb3 Kb6 63. Bd7 Bf2 64. Be8 Be1 65. Bd7 c5 66. Bh3 c4+ 67. Kc2 b4 68. Be6 Kc5 69. Bf7 b3+ 70. Kd1 Bg3 71. Kc1 Kb4 72. Kb1 Kc3 73. Be6 Kd3 74. Bf7 Bf4 75. Be6 Kc3 76. Bf7 Kb4 77. Be6 c3 78. Bf5 Kc4 79. Be6+ Kb4 0-1

[Event "Klatovy op-A 24th"]
[Site "Klatovy"]
[Date "2018.07.06"]
[Round "7"]
[White "Simunek, Filip"]
[Black "Kusa, Jakub"]
[Result "1/2-1/2"]
[WhiteElo "2184"]
[BlackElo "2046"]
[PlyCount "104"]
[EventDate "2018.06.30"]
[EventType "swiss"]
[EventRounds "9"]
[EventCountry "CZE"]
[SourceTitle "EXT 2019"]
[Source "ChessBase"]
[SourceDate "2018.10.10"]
[SourceVersion "1"]
[SourceVersionDate "2018.10.10"]
[SourceQuality "1"]

1. d4 Nf6 2. c4 e6 3. Nc3 d5 4. cxd5 exd5 5. Bg5 c6 6. Qc2 Be7 7. e3 h6 8. Bh4 0-0 9. Bd3 Re8 10. Nge2 Ne4 11. Bxe7 Qxe7 12. Nxe4 dxe4 13. Bc4 Be6 14. 0-0 Bxc4 15. Qxc4 Nd7 16. b4 Nb6 17. Qb3 Qe6 18. Qxe6 Rxe6 19. a4 Nd5 20. Rab1 a6 21. Rfc1 f5 22. g3 g5 23. Nc3 Rd6 24. h3 Kg7 25. b5 Nxc3 26. Rxc3 axb5 27. axb5 Rf8 28. bxc6 bxc6 29. Rb7+ Rf7 30. Rxf7+ Kxf7 31. Rc5 Kf6 32. g4 f4 33. Rf5+ Ke7 34. exf4 gxf4 35. Rxf4 Rxd4 36. Kf1 c5 37. Rf5 c4 38. Ke2 c3 39. Rc5 Rd3 40. Re5+ Kf6 41. Rxe4 Rxh3 42. Rc4 h5 43. gxh5 Rxh5 44. Rxc3 Re5+ 45. Re3 Rxe3+ 46. Kxe3 Ke5 47. Kf3 Kf5 48. Kg2 Kg4 49. Kf1 Kf3 50. Ke1 Kf4 51. Ke2 Ke4 52. f4 Kxf4 1/2-1/2